| 000 | 00726nam a22002177a 4500 | ||
|---|---|---|---|
| 003 | 0 | ||
| 005 | 20250912100416.0 | ||
| 008 | 250912b xxu||||| |||| 00| 0 eng d | ||
| 020 | _a978-1-64173-023-3 | ||
| 050 |
_aQA 76 _b.M39 2024 |
||
| 100 |
_aMaynard, Penelope, _eauthor. |
||
| 245 |
_aComputer science : _ban interdisciplinary approach / _cPenelope Maynard. |
||
| 260 |
_aNew York, NY : _bLarsen and Keller Education, _c2024. |
||
| 300 |
_aviii, 233 pages : _bcolored illustrations ; _c26 cm. |
||
| 504 | _aIncludes bibliographical references and index. | ||
| 650 | _aComputer science. | ||
| 650 | _aElectronic digital computers. | ||
| 650 | _aComputer software. | ||
| 650 | _aComputer engineering. | ||
| 942 |
_2lcc _cBK |
||
| 999 |
_c367917 _d367917 |
||